Effektivnost' kapilal'nych vloženij v nauke

Saved in:
Bibliographic Details
Main Author: Budnikova, Ljudmila Pavlovna
Format: Book
Language:Russian
Published: Minsk Nauka i technika 1989
Edition:1. izd.
Tags: Add Tag
No Tags, Be the first to tag this record!

MARC

LEADER 00000nam a2200000 4500
001 c035883
005 20230223134959.3
041 0 |a rus 
044 |a BY 
245 1 0 |a Effektivnost' kapilal'nych vloženij v nauke  |c Ljudmila Pavlovna Budnikova 
250 |a 1. izd. 
264 1 |a Minsk  |b Nauka i technika  |c 1989 
300 |a 95 s. 
100 1 |a Budnikova, Ljudmila Pavlovna